Electronics: Principles and Applications (Record no. 2466)

MARC details
005 - DATE AND TIME OF LATEST TRANSACTION
control field 20250620171214.0
020 ## - INTERNATIONAL STANDARD BOOK NUMBER
International Standard Book Number 0-02-804244-1
082 ## - DEWEY DECIMAL CLASSIFICATION NUMBER
Classification number LM 621.381 SCH
100 ## - MAIN ENTRY--PERSONAL NAME
Author name SCHULER, C. A.
245 ## - TITLE STATEMENT
Title Electronics: Principles and Applications
250 ## - EDITION STATEMENT
Edition statement 5th Ed.
260 ## - PUBLICATION, DISTRIBUTION, ETC.
Place of publication, distribution, etc. New York,
Name of publisher, distributor, etc. McGraw-Hill,
Date of publication, distribution, etc. 1999.
300 ## - PHYSICAL DESCRIPTION
Extent ix, 454p.: ill.; picture.
Other physical details Index.
Dimensions 29cm.
942 ## - ADDED ENTRY ELEMENTS (KOHA)
Source of classification or shelving scheme Dewey Decimal Classification
Koha item type Books
Holdings
Date last seen Total checkouts Full call number Barcode Cost, replacement price Price effective from Koha item type Lost status Source of classification or shelving scheme Damaged status Not for loan Withdrawn status Home library Current library Shelving location Date acquired Cost, normal purchase price
05/20/2025   LM 621.381 SCH 0000008180 105000.00 05/20/2025 Books   Dewey Decimal Classification       College of Business Education Main Library College of Business Education Main Library General Collection 01/19/2005 35000.00
06/02/2025   LM 621.381 SCH 0000008261 105000.00 05/31/2025 Books   Dewey Decimal Classification       College of Business Education Main Library College of Business Education Main Library General Collection 01/19/2005 35000.00
06/02/2025   LM 621.381 SCH 0000008262 105000.00 05/31/2025 Books   Dewey Decimal Classification       College of Business Education Main Library College of Business Education Main Library General Collection 01/19/2005 35000.00
06/02/2025   LM 621.381 SCH 0000008263 105000.00 05/31/2025 Books   Dewey Decimal Classification       College of Business Education Main Library College of Business Education Main Library General Collection 01/19/2005 35000.00
06/02/2025   LM 621.381 SCH 0000008264 105000.00 05/31/2025 Books   Dewey Decimal Classification       College of Business Education Main Library College of Business Education Main Library General Collection 01/19/2005 35000.00